| Tag |
First Indicator |
Second Indicator |
Subfields |
| LEADER |
00000cam a2200000I 4500 |
| 001 |
in00001734721 |
| 005 |
20151024220858.0 |
| 008 |
800505s1963 ru ac 000 1 rus |
| 010 |
|
|
|a 64048801
|
| 035 |
|
|
|a (OCoLC)ocm06283753
|
| 040 |
|
|
|a DLC
|c BXM
|d TXA
|d UtOrBLW
|
| 049 |
|
|
|a TXAM
|
| 050 |
0 |
0 |
|a PG3476.K43317
|b G6
|
| 100 |
1 |
|
|a Kazakov, I︠U︡riĭ,
|d 1927-1982.
|
| 245 |
1 |
0 |
|a Goluboe i zelenoe ;
|b rasskazy i ocherk.
|
| 264 |
|
1 |
|a Moskva :
|b Sovetskiĭ pisatelʹ,
|c 1963.
|
| 300 |
|
|
|a 317 pages :
|b illustrations, portrait ;
|c 21 cm.
|
| 336 |
|
|
|a text
|b txt
|2 rdacontent
|
| 337 |
|
|
|a unmediated
|b n
|2 rdamedia
|
| 338 |
|
|
|a volume
|b nc
|2 rdacarrier
|
| 500 |
|
|
|a At head of title: I︠U︡riĭ Kazakov.
|
| 948 |
|
|
|a cataloged
|b h
|c 2003/3/17
|d c
|e spoltoratski
|f 11:13:26 am
|
| 994 |
|
|
|a E0
|b TXA
|
| 999 |
|
|
|a MARS
|
| 999 |
f |
f |
|s 463f42ae-2687-385b-bde0-dbbebb15f15e
|i b24fe701-8708-3e31-9f0c-a4f48b1ce5f2
|t 0
|
| 952 |
f |
f |
|p ric
|a Texas A&M University
|b Rellis Campus
|c Joint Library Facility
|d Remote Storage
|t 0
|e PG3476.K43317 G6
|h Library of Congress classification
|i unmediated -- volume
|m A14829826357
|
| 998 |
f |
f |
|a PG3476.K43317 G6
|t 0
|l Remote Storage
|